=LDR 00000nam 2200000 4500 =001 INLIS000000000015525 =005 20130612110815 =008 ***********************************Indo** =035 ##$$0010-061300000015525 =041 ##$$a Indo =082 ##$$a R.540.3 =090 ##$$a R.540.3, Puj =100 ##$$a Pudjaatmaka, A.Hadyana =245 ##$$a Kamus Kimia, Biokimia, A. Hadyana Pujaatmaka,Susilowati =260 ##$$a Balai Pustaka $b Jakarta =300 ##$$a vii 294 hlm, 21 cm =650 ##$$a Kimia-Kamus =850 ##$$a NBPNMAT